Catálogo
 En Linea

Nuevas dinámicas sociopolíticas y jóvenes en el Caribe :. (Registro nro. 48455)

Detalles MARC
000 -CABECERA
campo de control de longitud fija 00362nam a2200121 a 4500
005 - FECHA Y HORA DE LA ÚLTIMA TRANSACCIÓN
campo de control 20201002061541.0
008 - DATOS DE LONGITUD FIJA--INFORMACIÓN GENERAL
campo de control de longitud fija 190510s2019 000 spa d
020 ## - NÚMERO INTERNACIONAL ESTÁNDAR DEL LIBRO
Número Internacional Estándar del Libro 9789945590845
040 ## - FUENTE DE LA CATALOGACIÓN
Centro catalogador/agencia de origen DO-SdBNP
100 ## - ENTRADA PRINCIPAL--NOMBRE DE PERSONA
Nombre de persona Faxas, Laura/ Guillemin, Claire
9 (RLIN) 76393
245 #0 - MENCIÓN DE TÍTULO
Título Nuevas dinámicas sociopolíticas y jóvenes en el Caribe :.
260 ## - PUBLICACIÓN, DISTRIBUCIÓN, ETC.
Lugar de publicación, distribución, etc. Santo Domingo,
Fecha de publicación, distribución, etc. 2019.

No hay ítems disponibles.

Con tecnología Koha